| 000 | 00650nam a22001817a 4500 | ||
|---|---|---|---|
| 008 | 130821s1964 xxu gr eng | ||
| 040 |
_aCo-BoUCM _bspa |
||
| 041 | 0 | 0 | _aeng |
| 100 | 1 |
_aJoachim, Harold H. _Q(Harold Henry) _d1868-1938. _9172064 |
|
| 245 | 0 | 0 | _aAStudy of the Ethics of Spinoza (Ethica Ordine Geometrico Demonstrata) |
| 260 |
_aNueva York (Estados Unidos) _bRussell & Russell, Inc. _c[1964 1901] |
||
| 300 | _axiv, 316 páginas | ||
| 600 | 1 | 0 |
_aSpinoza, Benedictus de _y1632-1677 _9134046 |
| 650 | 0 | 4 |
_aÉtica _9195 |
| 650 | 0 | 4 |
_aFilosofía _975 |
| 942 |
_cLIBRO _a2 _e1 _mJ621s _2DEWEY _h199.492 |
||
| 999 |
_c93063 _d93063 |
||